MDQL
is popping MORE tags! Check the
thread
!
Quizzes
Events
Quiz Creation
Community
Videos
Private Events
Remove Ads
Sign In
Join for FREE
Feedback
Dark Mode
Quiz Categories
Sports
Geography
Music
Movies
Television
Just For Fun
Miscellaneous
History
Literature
Language
Science
Gaming
Entertainment
Religion
Holiday
For Kids
Quiz Lab
Recent
Popular Today
Quiz Kudos Today
Editor Picks
Curator Picks
Quizzes by...
Day
Popularity
Type
Ratings
Length
Year
Community
Subscriptions
Recent Discussions
Orange Saloon
Badges
Playlists
Quests
Create
Leaderboards
Showdown
Live 5
Trivia Bingo
Activity
Puzzle Library
Sporcle Events
Private Events
Virtual Trivia
Globe League
Become a Host
Pub Owners
SporcleCon
Opinionation
Our Games
Videos
Blog
Mobile Apps
Partnerships
Remove Ads and Go Orange
Feedback
Literature
Harry Potter
A Song of Ice and Fire
The Hunger Games
Literary Character
Shakespeare
Book
Author
Novel
Poem
Young Adult
Children's Books
Play
Lord of the Rings
Literature
Harry Potter
A Song of Ice and Fire
The Hunger Games
Literary Character
Shakespeare
Book
Author
Novel
Poem
Young Adult
Children's Books
Play
Lord of the Rings
Random Quiz
Search Sporcle
×
Curator Pick
Curator Pick
Literature
Young Adult
Type in answers that appear in a list
Type in answers that appear in a list
Classic
Best Score? Go Orange.
Profile: Jace (Mortal Instruments) Stats
How well do you know Jace?
By
Polly45pink
3m
21 Questions
3,195 Plays
3,195 Plays
3,195 Plays
Comments
Comments
Give Quiz Kudos
Give Quiz Kudos
-
- Ratings
hide this ad
Replay
Link that replays current quiz
Next Quiz
Link to next quiz in quiz playlist
You Got
0%
They Got
Avg Score
71%
Avg Friend Score
Upgrade to see
Score Distribution
Jump to the score distribution portion of the page
Score
0/21
Timer
03:00
0
Plays Today
Hint
Answer
% Correct
First Name
Jace
98.9%
Who was actually...
Valentine Morgenstern
88.4%
Last Name
Herondale
88%
Adoptive Brothers
Alec and Max Lightwood
87.4%
Adoptive Sister
Isabelle Lightwood
85.4%
Parabatai
Alec Lightwood
85.4%
Hair Colour
Blonde
85%
Girlfriend
Clary
84%
Adoptive Father
Robert Lightwood
78.1%
Adoptive Mother
Maryse Lightwood
77.8%
He is _
_
_
_
handed
Left
75.5%
Hint
Answer
% Correct
Father
Stephen Herondale
72.8%
Eye Colour
Gold
72.1%
Believed his father was...
Michael Wayland
67.9%
He can speak what other languages?
Romanian, Italian, Latin, French, Greek and Demon Languages
57.7%
Who stabs him with a...
Angel Sword
55.5%
He hates _
_
_
_
_
_
in his tea
Cucumber, bergamot and sugar
54.6%
Mother
Celine Herondale
52.9%
He hates what bird?
Ducks
47.9%
Has extra angel blood from...
Ithuriel
47.8%
Born
1991
34.1%
Quiz Playlist
Details
Report
Send in Message
Add To Playlist
Classic:
Type in answers that appear in a list
Last Updated: Jun 14, 2017
Curator Pick in
Young Adult
Quiz Scoreboard
CHALLENGE
Sign Up to Join the Scoreboard
Show All
Scores
Hide
Comments
May contain spoilers
Recently Published
Find the 'City' Movie
by crazypaving
Movies
60s
5x2 Blitz: Bands
by SL_Kpop136
Music
30s
Colored Red Africa Blitz
by spor1
Geography
30s
More to Explore
Quiz From the Vault
Featured Blog Post
14 Easter Pick-up Lines to Find Eggs With
hide this ad
You Might Also Like...
Tags
Young Adult Quiz
Mortal Instruments
Today's Top Quizzes in Literature
Browse Literature
hide this ad
Today's Top Quizzes in Young Adult
Browse Young Adult
Top Contributed Quizzes in Literature
1
Sneaky Slytherin Logic Puzzle
2
Harry Potter Slytherin Logic Puzzle
3
Get The Picture: Black or White Literature
4
Logic Puzzle: Avoid Dumbledore's Army
5
Mini Trivia Sudoku: A Song of Ice and Fire
6
A Song of Ice and Fire Logic Puzzle
7
One Thing in Common: Literature II
8
Books By Opening Lines IV
9
The Hunger Games Logic Puzzle: Find Katniss
10
Silmarillion Characters by Any 3 Letters
Explore More
Trending Topics
Kpop
Crossword
Anime
NBA
Harry Potter
Marvel
Disney
Soccer
Country
Puzzle
Pokémon
NFL
The Office
Song
WWE
hide this ad
More By:
Polly45pink
Quiz
Plays
Rating
Category
Featured
Created
Mortal Instruments Logic Quiz
22,823
2.42
Literature
Feb 28, 2014
Fill the Blanks - Fandom quotes
7,298
2.94
Movies
Oct 15, 2014
The Mortal Instruments Vs The Infernal Devices
5,181
4.33
Literature
Feb 17, 2014
Profile: Jace (Mortal Instruments)
3,195
3.50
Literature
Feb 21, 2014
Mortal Instruments Characters by Quote
2,871
5.00
Literature
Dec 26, 2013
Go to Creator's Profile
Score Distribution
Quiz Creator Spotlight
Polly45pink
Follow
Send a Message
Quizzes Created
-
Created Quiz Play Count
-
More By This Creator
Popular Quizzes Today
1
Colored Red Africa Blitz
2
Find the 'City' Movie
3
Find the US States - No Outlines Minefield
4
5x2 Blitz: Bands
5
The Countries of the World
6
Find the US States
7
Find the Countries of Europe - No Outlines Minefield
8
US States
More Literature Quizzes
Jekyll and Hyde Quotes
Quiz Lab
Trending Quizzes
Colored Red Europe Blitz I
Colored Red Europe Blitz II
Colored Red Africa Blitz II
Colored Red Europe Blitz III
Colored Red Africa Blitz III
Recently Updated
How Do You Spell That?
pecheneg
Godzilla Movies
pecheneg
Grab Bag: 4-10 Letters
pecheneg
2024 March Madness Bracket
pecheneg
Famous TV Couples
Peacemaker
Champions League XIs: Real Madrid
pecheneg
Largest US Cities 1790-2010
pecheneg
Rides in Walt Disney World
pecheneg
Most Oscar Losses (Acting)
pecheneg
Beyoncé Albums
pecheneg
Trending Topics
Crossword
Harry Potter
Kpop
Marvel
NBA
Disney
Anime
Pokémon
The Office
Soccer
Country
Puzzle
NFL
WWE
Song
Your Account Isn't Verified!
In order to create a playlist on Sporcle, you need to verify the email address you used during registration. Go to your
Sporcle Settings
to finish the process.
Report this User
Report this user for behavior that violates our
Community Guidelines
.
Details:
Send Report
Go to the Sporcle.com Mobile Site →
Comments